| 000 | 00363nam a2200157Ia 4500 | ||
|---|---|---|---|
| 003 | OSt | ||
| 005 | 20231204105407.0 | ||
| 008 | 170523s9999 xx 000 0 und d | ||
| 020 | _a74633015 | ||
| 040 | _cIIMT UNIVERSITY | ||
| 100 | _aVENNERS- BILL | ||
| 245 | 0 | _aINSIDE THE JAVA VIRTUAL MACHINE | |
| 260 | _bTATA MC GRAW HILL | ||
| 260 | _c1998 | ||
| 942 |
_2ddc _c02 |
||
| 999 |
_c873 _d873 |
||